| 000 | 00765nam a2200205Ia 4500 | ||
|---|---|---|---|
| 001 | 15425 | ||
| 003 | GE_BSU | ||
| 008 | 181216s||||||||xx |||||||||||||| ||und|| | ||
| 040 | _cGE_BSU | ||
| 080 | _a821.353.1-32 | ||
| 100 | _aჩიქოვანი,გრიგოლ | ||
| 245 | _aშურისგება. ”ოდიშური მოთხრობები” | ||
| 245 | _cრედ.ბ.მირცხულავა. მხატვ.ლ.ცუცქირიძე | ||
| 260 | _aთბილისი | ||
| 260 | _bსაბჭოთა საქართველო | ||
| 260 | _c1965 | ||
| 300 | _a230გვ.ილ.20სმ. | ||
| 653 | _aშურისგება. ”ოდიშური მოთხრობები” | ||
| 942 | _cBK | ||
| 999 |
_c48528 _d48528 |
||